000 00486nam a2200193Ia 4500
003 GCL
008 140319s9999 xx 000 0 eng d
040 _aGCL /
_cGCL
082 0 4 _aCH
_b843
_bB C
100 1 _aBAYOT, FRANCOIS
245 1 0 _aLA CAVERNE DES DES TEMPLIERS /
_cBAYOT, FRANCOIS
260 _a[S.N] :
_bEDITIONS HEMMA
300 _a125 P
650 0 4 _aLITERATURE
650 0 4 _aCHILDREN - LITERATURE
650 0 4 _aCHILDREN
650 0 4 _aFRENCH FICTION
942 _2ddc
_cBK
999 _c15631
_d15631